000 01294nam a22003617a 4500
003 CHAP
005 20220329135634.0
008 971013s1995 r 00010 d
010 _a39751
011 _a40723
035 _a44849
040 _cCHAP
090 _aTesis
100 0 0 _aVillanueva Arvizo, Ana María.
_9119486
245 _aEfecto de dos tipos de alimento comercial sobre el comportamiento reproductivo en conejos machos nueva Zelanda blanco y California
260 _aChapingo, Méx. :
_bEl autor,
_c1995
300 _a75 h.
_b: ilus. ; gráfs.
502 _aTesis (Ing. Agr. Esp. en Zootecnia) -- UACH. Departamento de Zootecnia
590 _aALEPH
_b10
_c20130110
_lUCH01
_h1308
590 _aBATCH-UPD
_b10
_c20130110
_lUCH01
_h0851
590 _aBATCH-UPD
_b10
_c20130410
_lUCH01
_h0523
590 _aBATCH-UPD
_b10
_c20130914
_lUCH01
_h1027
590 _aCONVERSION
_b10
_c20130109
_lUCH01
_h1322
650 1 4 _aConejos
_xAlimentación.
_926353
650 1 4 _aConejos
_xGenética.
_926367
650 1 4 _aConejos
_xRazas.
_926377
650 1 4 _aConejos
_xReproducción.
_926378
700 0 _aVillegas Palomo, Isaías.
_9119766
901 _aBK
942 _cFOLL
949 _bBC
_cTES
_d-102725
_eTS1
_h27877
_i44849
_si
949 _bBC
_cTES
_d33724000006243
_eTS2
_fc.2
_h27878
_i44849
_si
999 _c39751
_d39751